000 00763nam a22002175i 4500
001 175200
003 ES-MaACL
005 20250822040308.0
008 101014s1968 sp |||| | spa d
080 _a615.851
100 1 _aWolberg, Lewis R.
_9143596
245 1 0 _aPsicoterapia breve /
_cLewis R. Wolberg, con nueve colaboradores ; versión española de Cecilio Sánchez Gil.
260 _aMadrid :
_bGredos,
_c[1968]
300 _a350 p. ;
_c24 cm.
490 1 _aBiblioteca de psicología y psicoterapia ;
_v14
650 4 _aPsicoterapia.
_916579
700 1 _aSánchez Gil, Cecilio.
_9102671
830 1 0 _aBiblioteca de psicología y psicoterapia
_v14
_9189553
852 4 _aES-MaACL
_jE-13369
_xOlim P-527-Ter
999 _c175200
_d175200